00936 2200337 4500001002100000005001500021035002000036007000300056040001700059100002600076245006800102250001200170300004100182504002700223020001800250041000800268082001000276084001600286090002000302264003900322336002100361337003000382338002300412650001300435850001000448008004100458500002800499990002400527990002400551990002300575INLIS00000000000511620260515051523 a0010-0222000206ta aSBPUPADbind0 aDeny RianaePengarang1 aRefresh Your Family :bSolusi Menyegarkan Energi Cinta Keluarga a.-Cet.1 axiv, 86 hal. :billus. ;c15 x 23 cm abibliografi, hlm 81-83 a979-26-4406-7 aind a306.8 a306.8 DEN r a306.4 ATM a 8-5 a.--bandung :bMQ Publishing,c2007 2rdacontentaTeks 2rdamediaaTanpa Perantara 2rdacarrieraVolume 4akeluarga aPUPAD260515 0  aTentang Penulis, hlm 85 a11507C/BR/KAPD/2009 a11507B/BR/KAPD/2009 a11507/BR/KAPD/2009